| 000 | 00604nam a22002177a 4500 | ||
|---|---|---|---|
| 003 | URS | ||
| 005 | 20250828100450.0 | ||
| 008 | 160601b xxu||||| |||| 00| 0 eng d | ||
| 040 | _cURS | ||
| 041 | _aeng | ||
| 050 | 0 | 0 |
_aLB2831.5 _b.Y35 1979 |
| 100 | 1 |
_aYap, Benita Saplala _eauthor |
|
| 245 | 2 | _aA Handbook of school personnel administration | |
| 264 |
_aManila _bAlemar _c©1979 |
||
| 300 |
_a91 pages ; _c21 cm |
||
| 336 |
_2rdacontent _atext |
||
| 337 |
_2rdamedia _aunmediated |
||
| 338 |
_2rdacarrier _avolume |
||
| 650 | 0 |
_aSchool Personnel Management -- Philippines _96604 |
|
| 942 |
_cF _2lcc |
||
| 999 |
_c84632 _d84630 |
||